| 000 | 00527nam a2200205Ia 4500 | ||
|---|---|---|---|
| 003 | LK-CoDNM | ||
| 005 | 20241202125059.0 | ||
| 008 | 010623t1979 xxu||||| |||| 00| 1 sin d | ||
| 040 |
_aLK-CoDNM _dLK-CoDNM _eLK-CoDNM |
||
| 041 | _asin | ||
| 080 |
_a294.34 _bHEM |
||
| 100 | _aHemalooka Thero, Bowattae. | ||
| 245 | _aඅමා මහ නිවන් මඟ | ||
| 246 | _aAma Maha Nivan Maga | ||
| 260 |
_bSomaratna Danansuriya _c1979 |
||
| 300 | _b24p. ; 18 cm | ||
| 650 | _a1979 | ||
| 650 | _aBuddhism | ||
| 942 | _cBK | ||
| 999 |
_c110926 _d110926 |
||